• 首页
  • 本馆介绍
  • 公告通知
  • 最新文献
  • 馆藏检索
  • 电子资源
  • 读者导购
  • 参考咨询
  • 我的图书馆
  • 登录
  • 详细信息显示
  • 放入我的书架
  • 预约/预借图书
  • 作者相关作品
  • 分类相关作品
  • 丛书相关作品
  • 出版社相关作品

书目信息

  • 表格格式
  • 工作单格式
  • 卡片格式
题名:
PLC编程及应用
    
 
作者: 廖常初 主编
分册:  
出版信息: 北京   机械工业出版社  2019
页数: 266页
开本: 26cm
丛书名:
单 册:
中图分类: TP332.3
科图分类:
主题词: 可编程序控制器
电子资源:
ISBN: 978-7-111-62675-6
000 01134nam0 2200241 450
001 2345733582
005 20231220124248.46
010    @a978-7-111-62675-6@d59.00CNY
100    @a20191008d2019 em y0chiy0120 ea
101 0  @achi
102    @aCN@b110000
105    @aa z 000yy
200 1  @aPLC编程及应用@APLC bian cheng ji ying yong@b专著@f廖常初主编
205    @a5版
210    @a北京@c机械工业出版社@d2019
215    @a266页@c图@d26cm
300    @a西门子公司重点推荐图书
330    @a本书全面介绍了S7-200的硬件结构、指令系统和编程软件的使用方法;通过大量的实例,介绍了功能指令的使用方法;介绍了一整套先进的数字量控制梯形图的设计方法,这些方法易学易用,可以节约大量的设计时间;介绍了S7-200的通信网络、通信功能和通信程序的设计方法,以及PLC之间、PLC和变频器之间的通信的编程和实现的方法;还介绍了PID控制和PID参数的整定方法、提高系统可靠性的措施、数据记录、触摸屏的组态和应用、组态软件在系统监控和被控对象仿真中的应用。各章均配有习题,附录中有36个实验的实验指导书。
606 0  @a可编程序控制器
690    @aTP332.3@v5
701  0 @a廖常初@Aliao chang chu@4主编
801  2 @aCN@b辽宁北配@c20231205
905    @aBZT@dTP332.3@e13=5
    
    PLC编程及应用/廖常初主编.-5版.-北京:机械工业出版社,2019
    266页:图;26cm
    西门子公司重点推荐图书
    
    ISBN 978-7-111-62675-6:59.00CNY
    本书全面介绍了S7-200的硬件结构、指令系统和编程软件的使用方法;通过大量的实例,介绍了功能指令的使用方法;介绍了一整套先进的数字量控制梯形图的设计方法,这些方法易学易用,可以节约大量的设计时间;介绍了S7-200的通信网络、通信功能和通信程序的设计方法,以及PLC之间、PLC和变频器之间的通信的编程和实现的方法;还介绍了PID控制和PID参数的整定方法、提高系统可靠性的措施、数据记录、触摸屏的组态和应用、组态软件在系统监控和被控对象仿真中的应用。各章均配有习题,附录中有36个实验的实验指导书。
●
相关链接 在五车中查询图书 在当当中查询图书 在豆瓣中查询图书


正题名:PLC编程及应用     索取号:TP332.3/13=5         预约/预借

序号 登录号 条形码 馆藏地/架位号 状态 备注
1 2001607066   2001607066   辽三/辽宁北配(第三批)/2306/ [索取号:TP332.3/13=5] 在馆    
2 2001607067   2001607067   辽三/辽宁北配(第三批)/2306/ [索取号:TP332.3/13=5] 在馆    
3 2001607068   2001607068   辽三/辽宁北配(第三批)/2306/ [索取号:TP332.3/13=5] 在馆    
4 2001607069   2001607069   辽三/辽宁北配(第三批)/2306/ [索取号:TP332.3/13=5] 在馆    
5 2001607070   2001607070   辽三/辽宁北配(第三批)/2306/ [索取号:TP332.3/13=5] 在馆    
6 2001607071   2001607071   辽三/辽宁北配(第三批)/2306/ [索取号:TP332.3/13=5] 在馆    
7 2001607072   2001607072   辽三/辽宁北配(第三批)/2306/ [索取号:TP332.3/13=5] 在馆    
8 2001607073   2001607073   辽三/辽宁北配(第三批)/2306/ [索取号:TP332.3/13=5] 在馆    
9 2001607074   2001607074   辽三/辽宁北配(第三批)/2306/ [索取号:TP332.3/13=5] 在馆    
10 2001607075   2001607075   辽三/辽宁北配(第三批)/2306/ [索取号:TP332.3/13=5] 在馆    
11 2001607076   2001607076   辽三/辽宁北配(第三批)/2306/ [索取号:TP332.3/13=5] 在馆    
12 2001607077   2001607077   辽三/辽宁北配(第三批)/2306/ [索取号:TP332.3/13=5] 在馆    
13 2001607078   2001607078   辽三/辽宁北配(第三批)/2306/ [索取号:TP332.3/13=5] 在馆    
14 2001607079   2001607079   辽三/辽宁北配(第三批)/2306/ [索取号:TP332.3/13=5] 在馆    
山东省滨州职业学院图书馆 欢迎您!
大连网信软件有限公司© 版权所有